| 000 | 00906nam a2200241 a 4500 | ||
|---|---|---|---|
| 005 | 20220604063655.0 | ||
| 008 | 991125s2001 mx 000 0 spa u | ||
| 020 | _a9701861531 | ||
| 035 | _aUPN01000123694 | ||
| 049 | _aLTG | ||
| 050 | 4 |
_aLB1649 _bM6 2001 LM |
|
| 100 | 1 |
_aChamizo Guerrero, José Antonio _931323 |
|
| 245 | 1 | 0 |
_aLibro para el maestro : _bquímica : secundaria / _cJosé Antonio Chamizo Guerrero, Margarita Petrich Moreno, Ramón Vilar Compte. |
| 250 | _a3a ed. | ||
| 260 |
_aMéxico : _bSEP, Comisión Nacional de los Libros de Texto Gratuitos, _c2001. |
||
| 300 |
_a141 p. : _bil., fotos |
||
| 500 | _aLibros de texto gratuito | ||
| 650 | 4 |
_aEDUCACION SECUNDARIA - _vLIBROS DE TEXTO _914377 |
|
| 650 | 4 |
_aQuímica _xEstudio y enseñanza (Secundaria) _97244 |
|
| 700 | 1 |
_aPetrich Moreno, Margarita Salomé, _ecoaut. _932626 |
|
| 700 | 1 |
_aVilar Compte, Ramón, _ecoaut. |
|
| 905 | _aLibro | ||
| 999 |
_c95873 _d95873 |
||